[Event "PRO League Group Stage"]
[Site "chess.com INT"]
[Date "2019.02.21"]
[Round "7"]
[White "Jobava, Baadur"]
[Black "Meshkovs, Nikita"]
[Result "1-0"]
[WhiteTitle "GM"]
[BlackTitle "GM"]
[WhiteElo "2629"]
[BlackElo "2557"]
[WhiteTeam "Tbilisi Gentlemen"]
[BlackTeam "Estonia Horses"]
[WhiteFideId "13601520"]
[BlackFideId "11602740"]
[EventDate "2019.01.08"]

1. d4 Nf6 2. Nc3 d5 3. Bf4 e6 4. Nb5 Na6 5. e3 Be7 6. Nf3 O-O 7. a3 c6 8. Nc3
Nc7 9. Ne5 Nd7 10. Bd3 Nxe5 11. Bxe5 Ne8 12. Qh5 g6 13. Qe2 Bd6 14. O-O-O c5 15.
Bxd6 Qxd6 16. dxc5 Qxc5 17. h4 b5 18. h5 b4 19. hxg6 bxc3 20. b4 Qe7 21. g7 f5
22. gxf8=Q+ Qxf8 23. g4 Nf6 24. gxf5 e5 25. Rdg1+ Kh8 26. Qe1 e4 27. Qxc3 exd3
28. Rg6 Bxf5 29. Qxf6+ Qxf6 30. Rxf6 Be4 31. f3 1-0

[Event "PRO League Group Stage"]
[Site "chess.com INT"]
[Date "2019.02.21"]
[Round "7"]
[White "Ehlvest, Jaan"]
[Black "Paichadze, Luka"]
[Result "1-0"]
[WhiteTitle "GM"]
[BlackTitle "GM"]
[WhiteElo "2521"]
[BlackElo "2583"]
[WhiteTeam "Estonia Horses"]
[BlackTeam "Tbilisi Gentlemen"]
[WhiteFideId "4500016"]
[BlackFideId "13602934"]
[EventDate "2019.01.08"]

1. e4 c6 2. Nc3 d5 3. Nf3 Nf6 4. e5 Ne4 5. h3 Nxc3 6. dxc3 g6 7. Bf4 Bg7 8. Qd2
Nd7 9. c4 Nc5 10. cxd5 Ne4 11. Qe3 cxd5 12. Bd3 Qa5+ 13. c3 Bf5 14. O-O O-O 15.
Nd4 Qb6 16. f3 Nc5 17. Bxf5 gxf5 18. Nxf5 Nd3 19. Nxe7+ Kh8 20. Nxd5 Qxe3+ 21.
Bxe3 Rfd8 22. Nc7 Rac8 23. Nb5 Bxe5 24. Nxa7 Ra8 25. Rab1 Re8 26. Nb5 Rxa2 27.
Rfd1 Rxb2 28. Rxb2 Nxb2 29. Rd7 Bxc3 30. Bf2 Be5 31. Rxf7 Rd8 32. f4 Kg8 33. Rf5
Bb8 34. Bd4 Nd3 35. g3 h6 36. Kg2 Ne1+ 37. Kf2 Nc2 38. Bb6 Rd2+ 39. Kf3 Rd3+ 40.
Kg4 Rb3 41. Rd5 Kf7 42. Bf2 Ke6 43. Rh5 Kf7 44. Nd4 Nxd4 45. Bxd4 Rd3 46. Be5
Ba7 47. Rxh6 Bf2 48. f5 b5 49. Rh7+ Kg8 50. Rb7 Rd5 51. Bf4 Be1 52. Kg5 Bc3 53.
Kg6 Rd8 54. Rxb5 Rc8 55. f6 1-0

[Event "PRO League Group Stage"]
[Site "chess.com INT"]
[Date "2019.02.21"]
[Round "7"]
[White "Quparadze, Giga"]
[Black "Burg, Twan"]
[Result "0-1"]
[WhiteTitle "GM"]
[BlackTitle "GM"]
[WhiteElo "2493"]
[BlackElo "2514"]
[WhiteTeam "Tbilisi Gentlemen"]
[BlackTeam "Estonia Horses"]
[WhiteFideId "13602250"]
[BlackFideId "1010697"]
[EventDate "2019.01.08"]

1. e4 c5 2. Nf3 d6 3. d4 cxd4 4. Nxd4 Nf6 5. Nc3 a6 6. h3 e5 7. Nde2 h5 8. g3
Be6 9. Bg2 b5 10. O-O Nbd7 11. Nd5 Nxd5 12. exd5 Bf5 13. a4 b4 14. Bd2 Rb8 15.
Re1 Be7 16. a5 O-O 17. Ra4 b3 18. cxb3 Nc5 19. Ra3 Nd3 20. Rf1 Nxb2 21. Qa1 Nd3
22. Be3 Qd7 23. Kh2 Rfc8 24. Qd1 Nb2 25. Qa1 Rc2 26. Nc3 Rxc3 27. Qxb2 Rbc8 28.
Qa1 Qb5 29. Rc1 Rxb3 30. Rxc8+ Bxc8 31. Rxb3 Qxb3 32. Qc1 Qb7 33. Bb6 Bd7 34. h4
Bb5 35. Bf3 g6 36. Bg2 Qd7 37. Bh3 f5 38. Qh6 Qe8 39. Qc1 Bf8 40. Bf1 Bxf1 41.
Qxf1 Qc8 42. Qd3 Kf7 43. Qb3 Be7 44. Qa4 f4 45. Kg2 Qg4 46. Qb3 fxg3 47. fxg3
Bxh4 48. Qd3 e4 49. Qf1+ Ke8 50. Qf2 Qf3+ 51. Qxf3 exf3+ 52. Kxf3 Bd8 53. Be3
Bxa5 54. Kf4 Bd8 55. Bc1 a5 56. Ba3 Kd7 57. Ke4 Bb6 58. Kf4 Bc5 59. Bb2 a4 60.
Kg5 a3 61. Bxa3 Bxa3 62. Kxg6 Ke7 63. Kxh5 Kf6 64. g4 Bc1 0-1

[Event "PRO League Group Stage"]
[Site "chess.com INT"]
[Date "2019.02.21"]
[Round "7"]
[White "Chukavin, Kirill"]
[Black "Volkov, Nika"]
[Result "1/2-1/2"]
[WhiteTitle "FM"]
[WhiteElo "2307"]
[BlackElo "2153"]
[WhiteTeam "Estonia Horses"]
[BlackTeam "Tbilisi Gentlemen"]
[WhiteFideId "4503023"]
[BlackFideId "13604376"]
[EventDate "2019.01.08"]

1. e4 e6 2. d4 d5 3. Nd2 c5 4. exd5 exd5 5. Ngf3 Nf6 6. Bb5+ Nc6 7. O-O Be7 8.
dxc5 Bxc5 9. Nb3 Bb6 10. Nbd4 O-O 11. Nxc6 bxc6 12. Bxc6 Rb8 13. Bf4 Bc7 14.
Bxc7 Qxc7 15. Ba4 a5 16. Nd4 Rxb2 17. Bb3 a4 18. Bxa4 Ng4 19. g3 Rb6 20. Bb3 Rh6
21. Nf3 Qc3 22. Qd3 Qf6 23. Bxd5 Bf5 24. Qd4 Qg6 25. c4 Qh5 26. h4 Rf6 27. Ne5
Nh6 28. Bf3 Ng4 29. Bxg4 Bxg4 30. Nxg4 Rg6 31. Ne3 Qf3 32. Ng2 h6 33. Qe3 Qc6
34. Nf4 Rg4 35. Qe2 h5 36. Qe5 Re8 37. Qxh5 Qf3 38. Qd5 Qxf4 39. c5 Re5 40. Qa8+
Kh7 41. Rac1 Re4 42. Qa3 Qh6 43. Qf3 Qg6 44. c6 Ref4 45. Qg2 Rc4 46. c7 Qe6 47.
Rfe1 Qc8 48. Qf3 Qxc7 49. Qxg4 Rxc1 50. Qe4+ g6 51. Rxc1 Qxc1+ 52. Kg2 Qa3 53.
Qd5 Kg8 54. Qb3 Qa8+ 55. Kh2 Qa7 56. Qb2 Qa4 57. a3 Kh7 58. Qb4 Qc2 59. Kg2 Qc6+
60. Kh2 Qc2 61. Kg1 Qd1+ 62. Kg2 Qd5+ 63. Kh2 Qa2 64. Qc5 Kg8 65. Qc8+ Kh7 66.
Qc5 Kg8 67. Qe3 Kh7 68. Qf4 Kg8 69. a4 Kg7 70. Qd4+ Kh7 71. Kg2 Qa3 72. Qf6 Qxa4
73. Qxf7+ Kh8 74. Qf8+ Kh7 75. Qf7+ Kh8 76. Qxg6 Qa8+ 77. Kh3 Qg2+ 78. Kg4 Qxg3+
79. Kh5 Qxh4+ 80. Kxh4 1/2-1/2

[Event "PRO League Group Stage"]
[Site "chess.com INT"]
[Date "2019.02.21"]
[Round "7"]
[White "Postny, Evgeny"]
[Black "Grigoriants, Sergey"]
[Result "1/2-1/2"]
[WhiteTitle "GM"]
[BlackTitle "GM"]
[WhiteElo "2623"]
[BlackElo "2541"]
[WhiteTeam "Pittsburgh Pawngrabbers"]
[BlackTeam "Moscow Wizards"]
[WhiteFideId "2804344"]
[BlackFideId "4130804"]
[EventDate "2019.01.08"]

1. d4 Nf6 2. c4 e6 3. Nf3 d5 4. g3 Bb4+ 5. Bd2 Be7 6. Bg2 O-O 7. O-O c6 8. Qc2
Nbd7 9. Bf4 Nh5 10. Bc1 Nhf6 11. b3 Ne4 12. Nc3 f5 13. e3 Bd6 14. Bb2 Qe8 15.
Ne2 b6 16. Nf4 Bb7 17. Nd3 Rc8 18. Rad1 dxc4 19. bxc4 c5 20. d5 exd5 21. cxd5 c4
22. Nf4 c3 23. Bc1 Ndc5 24. Nd4 Bxf4 25. exf4 Bxd5 26. f3 Nd2 27. Bxd2 cxd2 28.
Qxd2 Qa4 29. Bh3 Rce8 30. Nxf5 Be6 31. g4 Qxa2 32. Qxa2 Bxa2 33. Ra1 Bc4 34.
Rfc1 Nb3 35. Rxc4 Nxa1 36. Bf1 Nb3 37. Rc7 Rxf5 38. gxf5 Nd4 39. Rxa7 Nxf5 40.
Bc4+ Kh8 41. Kf2 g6 42. Bd3 Rf8 43. Rb7 Ng7 44. Rxb6 Nh5 45. f5 gxf5 46. Rb5 Ng7
47. f4 h6 48. Rb6 Kh7 49. Ke3 Re8+ 50. Kf3 Rd8 51. Bb1 Rd1 52. Rb7 Kg6 53. Rb6+
Kh7 54. h3 Rh1 55. Kg3 Rg1+ 56. Kf2 Rh1 57. Rb7 Kg6 58. Rb6+ Kh7 59. Rb3 Kg6 60.
Bd3 Rc1 61. Rb6+ Kh7 62. Rf6 Rc3 63. Ke3 Ra3 64. Kd4 Ra4+ 65. Bc4 Ra3 66. Bd3
Ra4+ 67. Ke5 Ra5+ 68. Kd4 Ra4+ 69. Ke3 Ra3 70. h4 Ra5 71. Bc2 Ra2 72. Bxf5+
Nxf5+ 73. Rxf5 Kg6 74. Rd5 Rh2 75. Ke4 Rxh4 76. Rd6+ Kf7 77. Ke5 Rh1 78. Rd7+
Ke8 79. Rh7 Ra1 80. f5 Ra6 81. Rb7 Kf8 82. f6 Ra1 83. Kf5 h5 84. Rb8+ Kf7 85.
Rb7+ Kf8 86. Kg6 Rg1+ 87. Kxh5 Rh1+ 88. Kg6 Rg1+ 89. Kf5 Rf1+ 90. Kg6 Rg1+ 91.
Kf5 Rf1+ 92. Kg6 Rg1+ 93. Kf5 Rf1+ 94. Kg6 Rg1+ 95. Kf5 1/2-1/2

[Event "PRO League Group Stage"]
[Site "chess.com INT"]
[Date "2019.02.21"]
[Round "7"]
[White "Dobrov, Vladimir"]
[Black "Shabalov, Alexander"]
[Result "1-0"]
[WhiteTitle "GM"]
[BlackTitle "GM"]
[WhiteElo "2478"]
[BlackElo "2529"]
[WhiteTeam "Moscow Wizards"]
[BlackTeam "Pittsburgh Pawngrabbers"]
[WhiteFideId "4136594"]
[BlackFideId "2008572"]
[EventDate "2019.01.08"]

1. d4 f5 2. e4 fxe4 3. Nc3 Nf6 4. Bg5 g6 5. h4 c5 6. h5 cxd4 7. Bxf6 exf6 8.
Qxd4 Bh6 9. Qxe4+ Kf7 10. Bc4+ Kg7 11. Nge2 Nc6 12. f4 d6 13. Qf3 Qb6 14. O-O-O
Ne5 15. Qd5 Nxc4 16. Qxc4 Bg4 17. hxg6 hxg6 18. Kb1 Rae8 19. Rde1 Qc6 20. Qd4
Qc5 21. Qd2 Qe3 22. Qd5 Re7 23. Nc1 Qxe1 24. Rxe1 Rxe1 25. Qxb7+ Kg8 26. Nd5 Bg7
27. Qb8+ Kh7 28. Qxa7 Rf8 29. Qf2 Rh1 30. Qe3 Bf5 31. Qe7 Kh6 32. Ne3 Bc8 33. g4
Kh7 34. f5 Re1 35. fxg6+ Kg8 36. Qe4 f5 37. gxf5 Be5 38. Qh4 Kg7 39. Qh7+ Kf6
40. g7 1-0

[Event "PRO League Group Stage"]
[Site "chess.com INT"]
[Date "2019.02.21"]
[Round "7"]
[White "Le, Tuan Minh"]
[Black "Usmanov, Vasily"]
[Result "1-0"]
[WhiteTitle "IM"]
[BlackTitle "IM"]
[WhiteElo "2515"]
[BlackElo "2450"]
[WhiteTeam "Pittsburgh Pawngrabbers"]
[BlackTeam "Moscow Wizards"]
[WhiteFideId "12401153"]
[BlackFideId "4135741"]
[EventDate "2019.01.08"]

1. d4 d5 2. Nf3 Nf6 3. Bf4 c5 4. c3 cxd4 5. cxd4 Nc6 6. Nc3 Ne4 7. e3 Nxc3 8.
bxc3 e6 9. Bd3 Bd6 10. Bg3 O-O 11. O-O b6 12. Qe2 Bxg3 13. hxg3 Bb7 14. Rac1 Na5
15. Ne5 Rc8 16. f4 f5 17. g4 g6 18. gxf5 exf5 19. g4 Rc7 20. gxf5 gxf5 21. Qh5
Nc4 22. Bxc4 dxc4 23. Kf2 Rf6 24. Rg1+ Kf8 25. Rg5 Be4 26. Rcg1 Qd5 27. Qh4 Rd6
28. Qg3 Rg6 29. Nxg6+ hxg6 30. Rxg6 Ke8 31. Rh6 Re7 32. Qg6+ Kd7 33. Rh7 Qb5 34.
Rxe7+ Kxe7 35. Qg7+ Kd8 36. Qf8+ Qe8 37. Qd6+ Kc8 38. Rg7 1-0

[Event "PRO League Group Stage"]
[Site "chess.com INT"]
[Date "2019.02.21"]
[Round "7"]
[White "Seliverstov, Vladimir"]
[Black "Canty, James"]
[Result "1-0"]
[WhiteTitle "IM"]
[WhiteElo "2462"]
[BlackElo "2222"]
[WhiteTeam "Moscow Wizards"]
[BlackTeam "Pittsburgh Pawngrabbers"]
[WhiteFideId "4192036"]
[BlackFideId "2055945"]
[EventDate "2019.01.08"]

1. d4 Nf6 2. c4 g6 3. g3 Bg7 4. Bg2 O-O 5. Nc3 d6 6. Nf3 Nc6 7. O-O a6 8. Bf4
Nh5 9. Bg5 h6 10. Be3 Nf6 11. d5 Na5 12. b3 c5 13. dxc6 Nxc6 14. Rc1 Bd7 15. h3
b5 16. Nd5 Nxd5 17. cxd5 Nb4 18. Qd2 a5 19. a3 Na6 20. Bxh6 Nc5 21. Bxg7 Kxg7
22. b4 axb4 23. axb4 Na4 24. Nd4 Nb6 25. h4 Nc4 26. Qf4 e5 27. dxe6 fxe6 28. Qe4
Qe7 29. Qd3 d5 30. Ra1 Qxb4 31. Bh3 Rxa1 32. Rxa1 Qc5 33. Bxe6 Ne5 34. Qe3 1-0

[Event "PRO League Group Stage"]
[Site "chess.com INT"]
[Date "2019.02.21"]
[Round "7"]
[White "Giri, Anish"]
[Black "Jobava, Baadur"]
[Result "1-0"]
[WhiteTitle "GM"]
[BlackTitle "GM"]
[WhiteElo "2783"]
[BlackElo "2629"]
[WhiteTeam "Montreal Chessbrahs"]
[BlackTeam "Tbilisi Gentlemen"]
[WhiteFideId "24116068"]
[BlackFideId "13601520"]
[EventDate "2019.01.08"]

1. Nf3 d5 2. g3 c6 3. Bg2 Bg4 4. O-O e6 5. h3 Bxf3 6. Bxf3 g6 7. Bg2 Nd7 8. d3
h5 9. c4 Bh6 10. cxd5 cxd5 11. e3 Ne7 12. Nc3 O-O 13. d4 Rc8 14. Bd2 Nf5 15. Rc1
Qb6 16. b3 Nf6 17. Qe2 Nd6 18. Na4 Qb5 19. Qxb5 Nxb5 20. Rxc8 Rxc8 21. Rc1 Rxc1+
22. Bxc1 Nxd4 23. Bb2 Ne2+ 24. Kf1 Nxg3+ 25. fxg3 Nd7 26. e4 dxe4 27. Bxe4 b6
28. Bc6 Nf8 29. Be5 1-0

[Event "PRO League Group Stage"]
[Site "chess.com INT"]
[Date "2019.02.21"]
[Round "7"]
[White "Paichadze, Luka"]
[Black "Hansen, Eric"]
[Result "1-0"]
[WhiteTitle "GM"]
[BlackTitle "GM"]
[WhiteElo "2583"]
[BlackElo "2615"]
[WhiteTeam "Tbilisi Gentlemen"]
[BlackTeam "Montreal Chessbrahs"]
[WhiteFideId "13602934"]
[BlackFideId "2606771"]
[EventDate "2019.01.08"]

1. e4 c5 2. Nf3 d6 3. d4 cxd4 4. Qxd4 a6 5. h3 Nc6 6. Qe3 g6 7. c4 Bg7 8. Be2
Nf6 9. O-O O-O 10. Nc3 Nd7 11. Rd1 b6 12. Rb1 Bb7 13. b3 Nde5 14. Nxe5 Nxe5 15.
Bb2 Rc8 16. Nd5 Nd7 17. Bxg7 Kxg7 18. Bg4 e6 19. Nf4 Qe7 20. Qd4+ Nf6 21. Qxd6
Qxd6 22. Rxd6 Bxe4 23. Re1 Bc6 24. Bxe6 Rfe8 25. Bxc8 Rxe1+ 26. Kh2 Be8 27. Rxb6
g5 28. Nd5 Ne4 29. f3 Nf2 30. Nf6 a5 31. Bf5 h6 32. c5 Re5 33. Nxe8+ Rxe8 34. c6 1-0

[Event "PRO League Group Stage"]
[Site "chess.com INT"]
[Date "2019.02.21"]
[Round "7"]
[White "Noritsyn, Nikolay"]
[Black "Quparadze, Giga"]
[Result "0-1"]
[WhiteTitle "IM"]
[BlackTitle "GM"]
[WhiteElo "2484"]
[BlackElo "2493"]
[WhiteTeam "Montreal Chessbrahs"]
[BlackTeam "Tbilisi Gentlemen"]
[WhiteFideId "2604922"]
[BlackFideId "13602250"]
[EventDate "2019.01.08"]

1. e4 c5 2. Nf3 e6 3. d4 cxd4 4. Nxd4 a6 5. Nc3 Qc7 6. Be2 Nf6 7. O-O Nc6 8. Be3
Bb4 9. Nxc6 bxc6 10. Bd3 d5 11. f3 O-O 12. a3 Be7 13. Qe1 e5 14. Bf2 d4 15. Na4
c5 16. b3 Nh5 17. Bg3 Nxg3 18. hxg3 Bg5 19. g4 Be3+ 20. Kh2 Qe7 21. g3 Rb8 22.
Kg2 Be6 23. Nb2 g6 24. Nc4 Bxc4 25. Bxc4 Qd6 26. Rh1 Kg7 27. Qe2 a5 28. a4 Qf6
29. Raf1 Rh8 30. f4 exf4 31. gxf4 Bxf4 32. e5 Qc6+ 33. Qf3 Qxf3+ 34. Kxf3 Bxe5
35. Ke4 Bf6 36. g5 Rbe8+ 37. Kd3 Re3+ 38. Kd2 Re6 39. gxf6+ Rxf6 40. Rxf6 Kxf6
41. Rf1+ Ke5 42. Rxf7 h5 43. Ke2 h4 44. Kf2 g5 45. Be2 h3 46. Kg1 Ke4 47. Kh2
Ke3 48. Bc4 g4 49. Rg7 Rh4 50. Be6 Kd2 51. Bf5 Kc3 52. Be4 c4 53. bxc4 Kxc4 54.
Kg3 Rh6 55. Kxg4 h2 56. Bh1 Kb4 57. Rd7 Kc3 58. Rc7+ Kb4 59. Kg3 Rh5 60. Rc8 Rh6
61. Rd8 Kc3 62. Rd5 Rh8 63. Rd6 Rh5 64. Rd8 Rh6 65. Rd7 Rh5 66. Rc7+ Kb4 67. Rc6
Rh7 68. Rc8 Rh5 69. Rd8 Kc3 70. Rc8+ Kb4 71. Rd8 Kxa4 72. Rxd4+ Kb5 73. Rd2 a4
74. Rxh2 Rxh2 75. Kxh2 Kc5 76. Be4 a3 0-1

[Event "PRO League Group Stage"]
[Site "chess.com INT"]
[Date "2019.02.21"]
[Round "7"]
[White "Volkov, Nika"]
[Black "Tomb, Maroun"]
[Result "1/2-1/2"]
[BlackTitle "CM"]
[WhiteElo "2153"]
[BlackElo "2180"]
[WhiteTeam "Tbilisi Gentlemen"]
[BlackTeam "Montreal Chessbrahs"]
[WhiteFideId "13604376"]
[BlackFideId "5300398"]
[EventDate "2019.01.08"]

1. d4 d6 2. Nf3 Nf6 3. c4 Nbd7 4. Nc3 e5 5. e4 Be7 6. Be2 c6 7. O-O O-O 8. b3 a5
9. Ba3 Re8 10. Qc2 Qc7 11. Rad1 exd4 12. Nxd4 Nc5 13. f4 Bf8 14. Bf3 Bd7 15. h3
Rad8 16. Kh1 h5 17. Rfe1 g6 18. Qf2 b6 19. f5 Bg7 20. Qg3 Kh7 21. Bb2 Bc8 22.
Nxc6 Qxc6 23. e5 Qd7 24. Rxd6 Qe7 25. fxg6+ fxg6 26. Nd5 Nxd5 27. Qxg6+ Kg8 28.
Bxd5+ Be6 29. Be4 Nxe4 30. Rxe4 Bf5 31. Qxf5 Rxd6 32. exd6 Qxe4 33. d7 Qe1+ 34.
Kh2 Bxb2 35. Qg6+ Kf8 36. Qf5+ Kg8 37. Qg6+ Kf8 38. Qf5+ Kg8 39. Qg6+ 1/2-1/2

[Event "PRO League Group Stage"]
[Site "chess.com INT"]
[Date "2019.02.21"]
[Round "7"]
[White "Xiong, Jeffery"]
[Black "Tomczak, Jacek"]
[Result "1/2-1/2"]
[WhiteTitle "GM"]
[BlackTitle "GM"]
[WhiteElo "2672"]
[BlackElo "2631"]
[WhiteTeam "Dallas Destiny"]
[BlackTeam "Berlin Bears"]
[WhiteFideId "2047640"]
[BlackFideId "1124668"]
[EventDate "2019.01.08"]

1. d4 Nf6 2. c4 g6 3. Nc3 d5 4. Bg5 Ne4 5. Bh4 g5 6. Nxe4 dxe4 7. Bxg5 Bg7 8.
Qa4+ b5 9. Qa3 c5 10. dxc5 b4 11. Qa4+ Bd7 12. Qc2 Nc6 13. Rd1 Qa5 14. b3 Qxc5
15. Rd5 Qb6 16. Qxe4 Rd8 17. Nf3 O-O 18. Bd2 f5 19. Qc2 e6 20. c5 Qc7 21. Rd6
Ne5 22. Bxb4 Bb5 23. Qd2 Nc6 24. Bc3 Bxc3 25. Qxc3 Rxd6 26. cxd6 Qxd6 27. Nd2
Nb4 28. a3 Nd5 29. Qb2 Rc8 30. e3 Bxf1 31. Rxf1 Nc3 32. f3 f4 33. Nc4 Qd1+ 34.
Kf2 Rxc4 35. bxc4 fxe3+ 36. Kxe3 Qxf1 37. Qxc3 Qg1+ 38. Ke4 Qxg2 39. Qe5 Qe2+
40. Kd4 Qb2+ 41. Ke4 Qe2+ 42. Kd4 Qb2+ 43. Ke4 Qe2+ 44. Kd4 1/2-1/2

[Event "PRO League Group Stage"]
[Site "chess.com INT"]
[Date "2019.02.21"]
[Round "7"]
[White "Braun, Arik"]
[Black "Holt, Conrad"]
[Result "1-0"]
[WhiteTitle "GM"]
[BlackTitle "GM"]
[WhiteElo "2598"]
[BlackElo "2548"]
[WhiteTeam "Berlin Bears"]
[BlackTeam "Dallas Destiny"]
[WhiteFideId "4663527"]
[BlackFideId "2034387"]
[EventDate "2019.01.08"]

1. d4 d5 2. c4 c6 3. Nf3 Nf6 4. e3 Bg4 5. h3 Bxf3 6. Qxf3 e6 7. a3 Nbd7 8. Nc3
Bd6 9. g4 h6 10. h4 dxc4 11. Bxc4 Nb6 12. Ba2 Qc7 13. Bd2 Nfd5 14. e4 Nxc3 15.
Bxc3 Na4 16. Bd2 Nxb2 17. O-O Na4 18. d5 cxd5 19. exd5 e5 20. Rac1 Qe7 21. h5 e4
22. Qf5 Nc5 23. Rfe1 O-O 24. Bb1 Qh4 25. Rxe4 Qh2+ 26. Kf1 Rae8 27. Re3 g6 28.
hxg6 Re7 29. g7 Kxg7 30. Qh7+ Kf6 31. Rf3+ Ke5 32. Qf5+ Kd4 33. Be3+ Rxe3 34.
fxe3# 1-0

[Event "PRO League Group Stage"]
[Site "chess.com INT"]
[Date "2019.02.21"]
[Round "7"]
[White "Gorovets, Andrey"]
[Black "Bezold, Michael"]
[Result "1-0"]
[WhiteTitle "GM"]
[BlackTitle "GM"]
[WhiteElo "2509"]
[BlackElo "2487"]
[WhiteTeam "Dallas Destiny"]
[BlackTeam "Berlin Bears"]
[WhiteFideId "13504037"]
[BlackFideId "4601718"]
[EventDate "2019.01.08"]

1. d4 g6 2. e4 Bg7 3. c4 d6 4. Nc3 Nc6 5. Be3 e5 6. Nge2 exd4 7. Nxd4 Nge7 8. h4
h5 9. Qd2 O-O 10. f3 Be6 11. Rd1 Nxd4 12. Bxd4 Bxd4 13. Qxd4 Nc6 14. Qd2 Ne5 15.
b3 Qf6 16. Be2 c6 17. Qe3 Rad8 18. g3 a6 19. a4 a5 20. O-O Rfe8 21. Rd2 Rd7 22.
Qd4 Kg7 23. f4 Ng4 24. f5 gxf5 25. exf5 Bxf5 26. Rxf5 Qxd4+ 27. Rxd4 Re3 28.
Bxg4 hxg4 29. Rxg4+ Kf8 30. Ne4 Rxb3 31. Nf6 Rd8 32. Re4 Rxg3+ 33. Kh2 Rg6 34.
h5 Rh6 35. Kh3 d5 36. cxd5 cxd5 37. Nxd5 Rhd6 38. Nf4 Kg7 39. Re7 Kh6 40. Rexf7
Rg8 41. R7f6+ Rxf6 42. Rxf6+ Kh7 43. Rb6 Rg1 44. Rxb7+ Kh6 45. Rb6+ Kh7 46. Kh4
Rg8 47. Nh3 Rg1 48. Ng5+ Kh8 49. h6 1-0

[Event "PRO League Group Stage"]
[Site "chess.com INT"]
[Date "2019.02.21"]
[Round "7"]
[White "Hoolt, Sarah"]
[Black "Toolin, Christopher"]
[Result "0-1"]
[WhiteTitle "WGM"]
[WhiteElo "2358"]
[BlackElo "2170"]
[WhiteTeam "Berlin Bears"]
[BlackTeam "Dallas Destiny"]
[WhiteFideId "24606812"]
[BlackFideId "2024543"]
[EventDate "2019.01.08"]

1. e4 c5 2. Nf3 e6 3. d4 cxd4 4. Nxd4 a6 5. c4 b6 6. Nc3 Qc7 7. a3 d6 8. Be3 Nf6
9. f3 Nbd7 10. Be2 Bb7 11. O-O Be7 12. Rc1 O-O 13. Kh1 Rac8 14. Qe1 Rfe8 15. Qf2
Qb8 16. Rfd1 h5 17. b4 h4 18. Nb3 h3 19. g4 Ne5 20. g5 Nfd7 21. Nd2 Bd8 22. Rg1
Qa8 23. Rg3 d5 24. Rxh3 dxe4 25. Ncxe4 Bc7 26. Qh4 Ng6 27. Qh7+ Kf8 28. Rg1 Ke7
29. Qxg7 Rg8 30. Qb2 Rh8 31. Rxh8 Rxh8 32. Rg2 Qb8 33. Nf1 Rh4 34. Bd3 Be5 35.
Qf2 Qh8 36. c5 Bf4 37. Kg1 Nde5 38. Be2 Rh3 39. cxb6 Bxe4 40. fxe4 Bxe3 41. Nxe3
Nh4 42. Rg3 Rxg3+ 43. Qxg3 Nhg6 44. b7 Qb8 45. Bxa6 Qc7 46. Qf2 Qc1+ 47. Bf1 Nh4
48. Qxh4 Nf3+ 49. Kh1 Nxh4 50. b8=Q Qxe3 51. Qc7+ Kf8 52. Qd8+ Kg7 53. Qf6+ Kg8
54. Bg2 Qd2 55. Qf1 Qxg5 56. b5 Ng6 57. a4 Ne5 58. a5 Ng4 59. a6 Qe5 0-1

[Event "PRO League Group Stage"]
[Site "chess.com INT"]
[Date "2019.02.21"]
[Round "7"]
[White "Grigoriants, Sergey"]
[Black "Lenic, Luka"]
[Result "1/2-1/2"]
[WhiteTitle "GM"]
[BlackTitle "GM"]
[WhiteElo "2541"]
[BlackElo "2645"]
[WhiteTeam "Moscow Wizards"]
[BlackTeam "Ljubljana Turtles"]
[WhiteFideId "4130804"]
[BlackFideId "14603853"]
[EventDate "2019.01.08"]

1. e4 c5 2. Nf3 Nc6 3. d4 cxd4 4. Nxd4 Nf6 5. Nc3 e5 6. Ndb5 d6 7. Bg5 a6 8. Na3
b5 9. Nd5 Be7 10. Bxf6 Bxf6 11. c4 b4 12. Nc2 O-O 13. g3 a5 14. Bg2 g6 15. Nxf6+
Qxf6 16. O-O Qe7 17. b3 Be6 18. Qd2 Rfd8 19. Rad1 f6 20. h4 Kg7 21. Kh2 h6 22.
Bh3 Bxh3 23. Kxh3 f5 24. exf5 gxf5 25. f4 Qf6 26. Ne3 Nd4 27. Qf2 Rf8 28. Rfe1
Kh8 29. Nd5 Qg7 30. Rxd4 exd4 31. Re7 Rf7 32. Rxf7 Qxf7 33. Qxd4+ Qg7 34. Qe3
Qf7 35. Qb6 1/2-1/2

[Event "PRO League Group Stage"]
[Site "chess.com INT"]
[Date "2019.02.21"]
[Round "7"]
[White "Borisek, Jure"]
[Black "Dobrov, Vladimir"]
[Result "0-1"]
[WhiteTitle "GM"]
[BlackTitle "GM"]
[WhiteElo "2584"]
[BlackElo "2478"]
[WhiteTeam "Ljubljana Turtles"]
[BlackTeam "Moscow Wizards"]
[WhiteFideId "14603152"]
[BlackFideId "4136594"]
[EventDate "2019.01.08"]

1. e4 c5 2. Nf3 Nc6 3. Bb5 g6 4. Bxc6 dxc6 5. d3 Bg7 6. h3 Nf6 7. Nc3 Qc7 8. Be3
b6 9. Qd2 Nd7 10. Bh6 Bf6 11. O-O a5 12. Rae1 a4 13. Nh2 a3 14. b3 b5 15. Ng4
Bd4 16. Ne2 Bb2 17. c3 Ba6 18. Bg7 Rg8 19. Qh6 O-O-O 20. Qxh7 b4 21. Rd1 f6 22.
c4 Rxg7 23. Qxg7 f5 24. Qxg6 fxg4 25. Qxg4 Kb8 26. f4 Bc8 27. Qf3 Rg8 28. Qe3
Nf8 29. Kh1 Ne6 30. f5 Nd4 31. Nf4 e6 32. g4 exf5 33. exf5 Bxf5 34. gxf5 Nxf5
35. Qxc5 Ng3+ 36. Kh2 Nxf1+ 37. Rxf1 Be5 38. Qxb4+ Kc8 39. Qxa3 Bxf4+ 40. Kh1
Qh7 41. Qa8+ Kd7 42. Qa7+ Bc7 43. Rf3 Qg7 44. Qf2 Qa1+ 45. Qf1 Qe5 46. Qf2 Qa1+
47. Qf1 Qb2 48. Rf2 Qe5 49. Rf7+ Kc8 50. Rf8+ Kb7 51. Rf2 Rg3 52. Re2 Qh5 53.
Rh2 Rf3 0-1

[Event "PRO League Group Stage"]
[Site "chess.com INT"]
[Date "2019.02.21"]
[Round "7"]
[White "Usmanov, Vasily"]
[Black "Skoberne, Jure"]
[Result "0-1"]
[WhiteTitle "IM"]
[BlackTitle "GM"]
[WhiteElo "2450"]
[BlackElo "2582"]
[WhiteTeam "Moscow Wizards"]
[BlackTeam "Ljubljana Turtles"]
[WhiteFideId "4135741"]
[BlackFideId "14604299"]
[EventDate "2019.01.08"]

1. Nf3 Nf6 2. d4 g6 3. Bf4 Bg7 4. e3 O-O 5. Be2 d6 6. O-O Nfd7 7. h3 e5 8. Bh2
Nc6 9. c4 f5 10. Nc3 g5 11. c5 dxc5 12. dxe5 g4 13. e6 gxf3 14. Bc4 Kh8 15. exd7
fxg2 16. Kxg2 Bxd7 17. Bf4 Ne5 18. Bd5 c6 19. Bf3 Be6 20. Bxe5 Bxe5 21. Ne2 Qh4
22. Rh1 f4 23. exf4 Bxf4 24. Bg4 Be3 25. Rf1 Rxf2+ 26. Kh1 Bxg4 0-1